000 00793nam a2200229Ia 4500
003 GCL
008 140319s9999 xx 000 0 ara d
020 _a9716015977
040 _aGCL /
_cGCL
082 0 4 _a612.65
_bن ن
100 1 _aنعمة مصطفى رقبان
245 1 0 _aنمو ورعاية الطفل ( بين النظرية و التطبيق ) /
_cنعمة مصطفى رقبان
260 _aالقاهرة :
_bمكتبة بستان المعرفة ،
_c2004
300 _a374ص ؛
_c25 سم
650 0 4 _aالاطفال - نمو
650 0 4 _aالاطفال - تغذية
650 0 4 _aالاجنة، علم
650 0 4 _aالاطفال - العناية الصحية
650 0 4 _aالاطفال - رعاية
650 0 4 _aالاطفال - امراض
942 _2ddc
_cBK
999 _c6289
_d6289